00372nam a2200121Ia 4500008004100000245007000041260002400111260000900135300000700144650002300151650001200174856006400186170516s9999 xx 000 0 und d aGold nanoparticle DNA damage in radiotherapy: A Monte Carlo study bAIMS Bioengineering c2016 a:3 xMedical Technology xMedtech uhttp://www.aimspress.com/journal/Bioengineering/2016/3.html